| 000 | 01673cam a22004337a 4500 | ||
|---|---|---|---|
| 003 | CHAP | ||
| 005 | 20220329142921.0 | ||
| 008 | 050221d2005 mx abd r 00110 spa d | ||
| 010 | _a89633 | ||
| 011 | _a90605 | ||
| 035 | _a101161 | ||
| 040 | _cCHAP | ||
| 090 | _aTesis | ||
| 100 | 0 | 0 |
_aLarios Sarabia, Juan. _964927 |
| 245 | 1 | 0 |
_aComparación de técnicas para la extracción de ADN en Pinus teocote Schiede ex Schlechtendal & Chamisso _c/por Juan Larios Sarabia y José Alonso Macías Corral |
| 260 |
_aChapingo, Méx. : _bEl autor, _c2005 |
||
| 300 |
_a44 h. : _bilus. ; mapas ; cuadros ; anexos |
||
| 502 | _aTesis (Ing. Forestal) -- UACH. División de Ciencias Forestales | ||
| 590 |
_aALEPH _b10 _c20130110 _lUCH01 _h1504 |
||
| 590 |
_aBATCH-UPD _b10 _c20130110 _lUCH01 _h0535 |
||
| 590 |
_aBATCH-UPD _b10 _c20130110 _lUCH01 _h2345 |
||
| 590 |
_aBATCH-UPD _b10 _c20130410 _lUCH01 _h0215 |
||
| 590 |
_aBATCH-UPD _b10 _c20130410 _lUCH01 _h1633 |
||
| 590 |
_aBATCH-UPD _b10 _c20130913 _lUCH01 _h1905 |
||
| 590 |
_aBATCH-UPD _b10 _c20130914 _lUCH01 _h1715 |
||
| 590 |
_aCONVERSION _b10 _c20130109 _lUCH01 _h1350 |
||
| 650 | 1 | 4 |
_aAcido desoxirribonucléico en plantas. _9581 |
| 650 | 1 | 4 |
_aAcidos nucléicos. _9603 |
| 650 | 1 | 4 |
_aÁrboles _xFisiología y morfología. _96599 |
| 650 | 1 | 4 |
_aÁrboles _xGenética. _96602 |
| 650 | 1 | 4 |
_aPinus teocote. _988371 |
| 650 | 1 | 4 |
_aVariación (Botánica) _9118141 |
| 700 | 0 |
_aMacías Corral, José Alonso. _969498 |
|
| 901 | _aBK | ||
| 905 | _aMarco A. Mendoza T. | ||
| 942 | _cFOLL | ||
| 949 |
_aTesis _bBC _cTES _d1011611 _eTS1 _gDonaciØn _h43537 _i101161 _sb |
||
| 949 |
_aTesis _bBC _cTES _d33724000943551 _eTS2 _fc.2 _gDonaciØn _h43538 _i101161 _sb |
||
| 999 |
_c89633 _d89633 |
||